00879cam a22002651a 4500001001300000003000400013005001700017008004100034010001700075025002000092035002000112040001700132042001200149043001200161050001700173110003300190245010300223250001500326260007400341300006300415500004100478650003700519700004000556999001700596sa 68008849 DLC20260227112537.0851007s1961 ii f bc s000 0 eng  asa 68008849  aPL480: I-E-9699 a(OCoLC)12640147 aDLCcIUdDLC apremarc aa-ii---00aN7307.R3bG32 aGanga Golden Jubilee Museum.10aCatalogue & guide to Ganga Golden Jubilee Museum, Bikaner, 1960-61 /cby V.S. Srivastava, curator. a[1st ed.]. aJaipur :bDept. of Archaeology & Museums, Govt. of Rajasthan,c[1961] a118 p., [13] leaves of plates :bill.(part col.) ;c22 cm. aIncludes bibliographical references. 0aArtzIndiazRajasthanvCatalogs.1 aSˁrivastava, Vijai Shankar,d1937- c82612d82612